Normal view
MARC view
- مهداوي ، جميل/ م مشارك حسن احمد ابو شمله
Entry Personal Name
001 - CONTROL NUMBER
- control field: 29884
003 - CONTROL NUMBER IDENTIFIER
- control field: JO-AjAnu
005 - DATE AND TIME OF LATEST TRANSACTION
- control field: 20230606075040.0
008 - FIXED-LENGTH DATA ELEMENTS
- fixed length control field: 230606|| aca||aabn | a|a d
040 ## - CATALOGING SOURCE
- Original cataloging agency: JO-AjAnu
- Transcribing agency: JO-AjAnu
100 ## - HEADING--PERSONAL NAME
- Personal name: مهداوي ، جميل/ م مشارك حسن احمد ابو شمله
670 ## - SOURCE DATA FOUND
- Source citation: Work cat.: (JO-AjAnu)15346: مهداوي ، جميل/ م مشارك حسن احمد ابو شمله , author, علم الحاسوب وتطبيقاتة